02230agaaa2200313 45000010005000000030009000050050017000140070009000310080040000400400023000800410013001031000041001161300026001572400036001832450190002192460029004092500022004382600091004603000034005515080152005855110091007375200842008285380016016705460013016866500053016997000056017527000053018087000055018611621IT-RoPAU20220918181235.0d cvaizq50131s9999||||xx ||| | || ||und|| aIT-RoPAUcIT-RoPAU aITALIANO aVidor KinggCodice regista SPICS: 39 aUOMO SENZA PAURA (L') aMAN WITHOUT A STAR (THE)gT1734 aUOMO SENZA PAURA (L')cProdotto da: Rosenberg Aaron -- Sceneggiatura: Chase Border Beauchamp D.D. -- Diretto da: Vidor KingpUOMO SENZA PAURA (L') (Rif. Codice opera principale : 21621) aMAN WITHOUT A STAR (THE) aEdizione Standard a(USA)bUNIVERSAL / Distribuzione: RAIg"1955 (1° ed.: 1983 ; Ed. Lingua Orig.: 1955)" aVHSbsonoro, col.c120 minuti a"Fotografia: Metty Russell; Montaggio: Vogel Virgil; Musica: Hughes Arnold; Sceneggiatura: Chase Border Beauchamp D.D.; Scenografia: Golitzen A.; " a"Douglas Kirk; Crain Jeanne; Trevor Claire; Campbell William; Boone Richard; Waller E" aDEMPSEY E JEFF VANNO A LAVORARE COME COW BOYS NELLA TENUTA DI UNA RICCA PROPRIETARIA DI BESTIAME LA BELLA REED QUESTA VUOLE OCCUPARE CON LE SUE IMMENSE MANDRIE TUTTI I PASCOLI DEL TERRITORIO NON LASCIANDO NULLA AI PICCOLI ALLEVATORI DELLA ZONA IL FATTORE DI REED DAVIS CHE NON E' D'ACCORDO CON LE IDEE DELLA PADRONA VIENE SOSTITUITO DA DEMPSEY I PICCOLI ALLEVATORI STENDONO DEI RETICOLATI INTORNO AI PASCOLI CHE VOGLIONO RISERVARE ALLE LORO MANDRIE E PRENDONO A FUCILATE GLI UOMINI DI REED CHE TENTANO DI ABBATTERE I RETICOLATI SDEGNATO PER LA PREPOTENZA DI REED DEMPSEY ABBANDONA LA TENUTA MENTRE IL SUO AMICO IL GIOVANE JEFF RESTA ACCANTO ALLA BELLA PADRONA S'ACCENDE LA LOTTA TRA GLI UOMINI DI STEVE IL NUOVO FATTORE DI REED E I PICCOLI ALLEVATORI CAPEGGIATI DA DEMPSEY ALLA FINE DEMPSEY E I SUOI HANNO LA MEGLIO FILM WESTERN A COLORI aPAL, STEREO aITALIANO aWESTERNeFILMS [VHS]xCodice MATERIA SPICS: 9960 aHughes Arnolde(musica)gCodice Musica SPICS: 29140 aVidor King e(regista)gCodice regista SPICS: 39 aVidor King e(soggetto)gCodice Soggetto SPICS: 39